Branch Newsletter (Record no. 118947)

MARC details
000 -LEADER
fixed length control field 00554cas a22002055a 4500
001 - CONTROL NUMBER
control field L138076
008 - FIXED-LENGTH DATA ELEMENTS--GENERAL INFORMATION
fixed length control field 070515c1996xxkqr p 0 a0eng u
035 ## - SYSTEM CONTROL NUMBER
System control number (Sirsi) u138076
041 0# - LANGUAGE CODE
Language code of text/sound track or separate title eng
110 2# - MAIN ENTRY--CORPORATE NAME
Corporate name or jurisdiction name as entry element Royal Institution of Charterd Surveyors
Subordinate unit Lincolnshire and South Humberside Branch
9 (RLIN) 5195
240 ## - UNIFORM TITLE
Uniform title Branch News
245 00 - TITLE STATEMENT
Title Branch Newsletter
260 ## - PUBLICATION, DISTRIBUTION, ETC.
Place of publication, distribution, etc. S.l.
Name of publisher, distributor, etc. RICS
Date of publication, distribution, etc. [198?]-
362 0# - DATES OF PUBLICATION AND/OR SEQUENTIAL DESIGNATION
Dates of publication and/or sequential designation August 1990-January 1996
554 ## -
-- Quarterly
651 #4 - SUBJECT ADDED ENTRY--GEOGRAPHIC NAME
Geographic name SOUTH HUMBERSIDE
651 #4 - SUBJECT ADDED ENTRY--GEOGRAPHIC NAME
Geographic name LINCOLNSHIRE
785 00 - SUCCEEDING ENTRY
Title Lion Lincs
942 ## - ADDED ENTRY ELEMENTS (KOHA)
Suppress in OPAC 0
Holdings
Withdrawn status Lost status Source of classification or shelving scheme Damaged status Not for loan Home library Current library Shelving location Date acquired Total Checkouts Full call number Barcode Date last seen Price effective from Koha item type
    Dewey Decimal Classification     London London Basement 15/05/2007   BRANCH NEWSLETTER 138076-1001 06/08/2019 06/08/2019 Journal